Normal view
MARC view
Entry Personal Name
001 - CONTROL NUMBER
- control field: 348699
003 - CONTROL NUMBER IDENTIFIER
- control field: OSt
005 - DATE AND TIME OF LATEST TRANSACTION
- control field: 20220926044219.0
008 - FIXED-LENGTH DATA ELEMENTS
- fixed length control field: 220926|| aca||aabn | a|a d
040 ## - CATALOGING SOURCE
- Original cataloging agency: OSt
- Transcribing agency: OSt
100 ## - HEADING--PERSONAL NAME
- Personal name: Zlegenbalg Bartholomaeus
670 ## - SOURCE DATA FOUND
- Source citation: Work cat.: (OSt)674283: Zlegenbalg Bartholomaeus, Genealogy of the South Indian gods. Tr from German, 1869
